00362nam a2200121Ia 4500008004100000041001200041100001700053245008900070260003700159300000800196650001700204700001900221221030s9999 xx 000 0 und d aEnglish aS. K. Sharma 2aA Text Book of Thermodynamics & Statistical Physicscby S. K. Sharma, K. S. Pathania bS. Dinesh & Co.aJalandharc2002 a127 aBB Mechanics aK. S. Pathania